00676cam a2200229 a 450000100100000000500170001000800410002702000150006803500190008304000300010210000200013224500490015225000110020126000410021230000280025349000220028165000290030365000240033274000430035683000220039908200250042100001088420200929162318.0940906s1980 mx a 000 0 spa  a9681500989 a(DLC) 94205179 aDO-SdBNPbspacDLCdBNPHU1 aCarbajal, P. A.10aPlantas que curan y matan /cArias Carbajal. a3a ed. aMéxico :bMexicanos Unidos,c1980. a286 p. :bil. ;c19 cm.1 aSalud y Naturismo 4aMateria médica vegetal 0aBotánica médica0 aPlantas que curan y plantas que matan. 0aSalud y Naturismo00a581.634bC263p, 1980